000 00693nam a2200265Ia 4500
001 Para_7613
003 CHAP
008 220125s1975 xx 000 0 und d
010 _a206565
040 _cCHAP
082 _aPA 632 W3y 1975
100 _aWalker, John Charles
_9120877
245 _aPatología vegetal /
_c por John Charles Walker
260 _aBarcelona :
_b Omega
300 _a818 p.
500 _aTrad. de la 2 ed. en inglés de 1957
650 _aFitopatología
_941161
901 _aPA 632 W3Y 1975
902 _aA
905 _a0000001975 a 0000000000 00
910 _a1975
942 _cPARA
942 _cPARA
_d1
999 _c206565
_d206565